[Event "zonal 1.7"]
[Site "Riga LAT"]
[Date "1995.03.??"]
[Round "5"]
[White "Sepp, Olav"]
[Black "Kulaots, Kaido"]
[Result "0-1"]
[WhiteElo "2460"]
[BlackElo "2410"]
[EventDate "1995.03.12"]
[PlyCount "82"]

1.Nf3 Nf6 2.g3 d5 3.Bg2 c5 4.O-O Nc6 5.d3 e5 6.Na3 Be7 7.e4 d4 8.c3 O-O 9.
cxd4 cxd4 10.Nc4 Qc7 11.a4 Be6 12.b3 Nd7 13.Ne1 a6 14.f4 f6 15.a5 b5 16.
axb6 Nxb6 17.fxe5 fxe5 18.Rxf8+ Bxf8 19.Qh5 Nxc4 20.bxc4 a5 21.Bh3 Qd7 22.
Bxe6+ Qxe6 23.Qf5 Qxf5 24.exf5 e4 25.dxe4 Re8 26.Nd3 Rxe4 27.Bd2 Re7 28.c5
Rb7 29.Kf2 Rf7 30.Kf3 Bxc5 31.Rc1 Bb4 32.Rxc6 Bxd2 33.Ke4 Bc3 34.Ne5 Rf8 
35.Kd3 Ra8 36.g4 a4 37.g5 a3 38.f6 gxf6 39.gxf6 a2 40.Rc7 Rf8 41.Ng4 h5 
0-1

[Event "zonal 1.7"]
[Site "Riga LAT"]
[Date "1995.03.??"]
[Round "5"]
[White "Sokolovs, Andrejs"]
[Black "Ehlvest, Jaan"]
[Result "1/2-1/2"]
[WhiteElo "2520"]
[BlackElo "2615"]
[EventDate "1995.03.12"]
[PlyCount "28"]

1.d4 Nf6 2.c4 e6 3.Nf3 d5 4.Nc3 c6 5.Bg5 h6 6.Bxf6 Qxf6 7.e3 Nd7 8.Bd3 
dxc4 9.Bxc4 g6 10.O-O Bg7 11.e4 e5 12.d5 Nb6 13.Bb3 O-O 14.Qe2 Rd8 1/2-1/2

[Event "zonal 1.7"]
[Site "Riga LAT"]
[Date "1995.03.??"]
[Round "5"]
[White "Zapolskis, Antanas"]
[Black "Miezis, Normunds"]
[Result "1-0"]
[WhiteElo "2360"]
[BlackElo "2435"]
[EventDate "1995.03.12"]
[PlyCount "61"]

1.e4 c5 2.Nf3 e6 3.d4 cxd4 4.Nxd4 a6 5.Nc3 Qc7 6.Bd3 Nc6 7.Be3 Nf6 8.O-O 
Bd6 9.h3 Bf4 10.Bxf4 Qxf4 11.Nde2 Qc7 12.f4 d6 13.Kh1 Bd7 14.a3 Ne7 15.Qe1
O-O-O 16.b4 h5 17.Rb1 Rdg8 18.b5 a5 19.b6 Qc5 20.Nb5 Nc6 21.Nec3 d5 22.e5 
Ne8 23.Na4 Qe7 24.Na7+ Kd8 25.Qc3 d4 26.Qxc6 Bxc6 27.Nxc6+ bxc6 28.b7 Qxa3
29.b8=Q+ Ke7 30.Qa7+ Kf8 31.Rb7 1-0

[Event "zonal 1.7"]
[Site "Riga LAT"]
[Date "1995.03.??"]
[Round "6"]
[White "Kengis, Edvins"]
[Black "Rotsagov, Mihhail"]
[Result "1/2-1/2"]
[WhiteElo "2575"]
[BlackElo "2485"]
[EventDate "1995.03.12"]
[PlyCount "25"]

1.d4 Nf6 2.Nf3 g6 3.c4 Bg7 4.g3 d5 5.cxd5 Nxd5 6.Bg2 Nb6 7.Nc3 Nc6 8.e3 
O-O 9.O-O Re8 10.d5 Na5 11.Nd4 Bd7 12.b3 Rc8 13.Bb2 1/2-1/2

[Event "zonal 1.7"]
[Site "Riga LAT"]
[Date "1995.03.??"]
[Round "6"]
[White "Kulaots, Kaido"]
[Black "Kaunas, Kestutis"]
[Result "1/2-1/2"]
[WhiteElo "2410"]
[BlackElo "2415"]
[EventDate "1995.03.12"]
[PlyCount "120"]

1.d4 Nf6 2.Bg5 Ne4 3.Bf4 d5 4.f3 Nf6 5.Nc3 Nh5 6.Bg5 h6 7.Bh4 c6 8.Qd2 g5 
9.Bf2 Bg7 10.g4 Nf4 11.h4 Nd7 12.e3 Ne6 13.hxg5 hxg5 14.Rxh8+ Bxh8 15.
O-O-O Qc7 16.e4 Nb6 17.Nh3 f6 18.e5 Bd7 19.exf6 exf6 20.Qe1 Qd6 21.Bg3 Qe7
22.Bd3 O-O-O 23.Bh2 Na8 24.Qg3 Nec7 25.Re1 Qf8 26.Bf5 Bg7 27.a3 Re8 28.Kd2
Rxe1 29.Qxe1 Qe8 30.Bxd7+ Kxd7 31.Qxe8+ Nxe8 32.Nd1 Bf8 33.Ne3 Nb6 34.Nf2 
Bd6 35.Bg1 a5 36.Nd3 Nc4+ 37.Nxc4 dxc4 38.Nf2 a4 39.Ne4 b5 40.Bf2 Ke6 41.
Bg3 Bf4+ 42.Bxf4 gxf4 43.Nf2 Nc7 44.Ne4 Nd5 45.Nc5+ Kf7 46.Nb7 Ke7 47.Nc5 
Kf7 48.Nb7 Ke7 49.Nc5 Ne3 50.Ne4 f5 51.gxf5 Nxf5 52.c3 Ne3 53.Ng5 Kf6 54.
Ne4+ Ke6 55.Ng5+ Kf6 56.Ne4+ Kf5 57.Nd6+ Ke6 58.Ne4 Nd5 59.Ng5+ Kf6 60.
Ne4+ Kf5 1/2-1/2

[Event "zonal 1.7"]
[Site "Riga LAT"]
[Date "1995.03.??"]
[Round "6"]
[White "Piesina, Gintautas"]
[Black "Zapolskis, Antanas"]
[Result "1-0"]
[WhiteElo "2400"]
[BlackElo "2360"]
[EventDate "1995.03.12"]
[PlyCount "107"]

1.c4 e5 2.g3 f5 3.d4 e4 4.Nh3 Nf6 5.Nf4 c6 6.e3 Na6 7.Nc3 Nc7 8.d5 Bd6 9.
b3 O-O 10.Bb2 Qe7 11.Qd2 Be5 12.O-O-O d6 13.dxc6 bxc6 14.Na4 Bxb2+ 15.Kxb2
d5 16.cxd5 cxd5 17.Rc1 Rd8 18.Be2 Ne6 19.Rhd1 Nxf4 20.gxf4 Be6 21.Nc5 Bf7 
22.Qd4 Nd7 23.Rg1 g6 24.Nxd7 Rxd7 25.Bb5 Rd6 26.Rc2 a6 27.Ba4 Rad8 28.Rgc1
Qh4 29.Rc7 Qf6 30.Ra7 Qxd4+ 31.exd4 g5 32.fxg5 f4 33.Rcc7 Rf8 34.Be8 Rxe8 
35.Rxf7 Rg6 36.Rxf4 Rxg5 37.Rxa6 Rg2 38.Ka3 Rxh2 39.Rd6 Ra8+ 40.Kb4 Rxa2 
41.Rxd5 Rhxf2 42.Rg5+ Kh8 43.Rxe4 Ra8 44.Re7 Rd8 45.Rh5 Rxd4+ 46.Kc5 Rg4 
47.Rexh7+ Kg8 48.Rh8+ Kf7 49.R5h7+ Rg7 50.Rxg7+ Kxg7 51.Re8 Rf5+ 52.Kb6 
Rf6+ 53.Ka5 Rf5+ 54.Ka4 1-0

[Event "zonal 1.7"]
[Site "Riga LAT"]
[Date "1995.03.??"]
[Round "6"]
[White "Sepp, Olav"]
[Black "Rausis, Igors"]
[Result "0-1"]
[WhiteElo "2460"]
[BlackElo "2495"]
[EventDate "1995.03.12"]
[PlyCount "68"]

1.e4 c5 2.g3 d5 3.exd5 Qxd5 4.Nf3 Nc6 5.Bg2 Qe6+ 6.Kf1 g6 7.d3 Bg7 8.Nc3 
Nf6 9.Be3 Nd5 10.Nxd5 Qxd5 11.Ng5 Qd7 12.c3 Ne5 13.Bxc5 Nxd3 14.Ba3 O-O 
15.Qe2 Ne5 16.f4 Nc6 17.Kf2 h6 18.Nf3 Qc7 19.Rhd1 Bg4 20.h3 Be6 21.Nd4 Qb6
22.Qe3 Nxd4 23.cxd4 Rac8 24.Kg1 Rc2 25.Be4 Rfc8 26.Bc5 Qxb2 27.Bxc2 Qxc2 
28.Qf2 Qa4 29.g4 b6 30.Bxe7 Bd5 31.Qe3 Rc2 32.Bh4 Rg2+ 33.Kf1 Rxa2 34.Rxa2
Qxd1+ 0-1

[Event "zonal 1.7"]
[Site "Riga LAT"]
[Date "1995.03.??"]
[Round "6"]
[White "Sulskis, Sarunas"]
[Black "Sokolovs, Andrejs"]
[Result "1-0"]
[WhiteElo "2470"]
[BlackElo "2520"]
[EventDate "1995.03.12"]
[PlyCount "79"]

1.e4 g6 2.d4 Bg7 3.Nf3 d6 4.Nc3 a6 5.Bc4 e6 6.O-O b5 7.Bd3 Ne7 8.Bg5 h6 9.
Be3 O-O 10.a4 b4 11.Ne2 Kh7 12.a5 Nd7 13.c3 bxc3 14.bxc3 c5 15.Ng3 Qc7 16.
h4 e5 17.dxe5 dxe5 18.Nd2 Nf6 19.Be2 Be6 20.Bc4 Bxc4 21.Nxc4 Rad8 22.Qe2 
h5 23.Rab1 Nd7 24.Bg5 Bf6 25.Bxf6 Nxf6 26.Rb6 Nd7 27.Rxa6 Nc6 28.Ne3 Qb7 
29.Nxh5 Ra8 30.Rxa8 Rxa8 31.Rd1 Nf8 32.Nf6+ Kg7 33.Neg4 Ne6 34.g3 Nxa5 35.
Qe3 Rh8 36.Ne8+ Kf8 37.Nd6 Qe7 38.Nxe5 Kg7 39.Ndxf7 Rb8 40.Qh6+ 1-0

[Event "zonal 1.7"]
[Site "Riga LAT"]
[Date "1995.03.??"]
[Round "7"]
[White "Fridmans, Daniels"]
[Black "Sulskis, Sarunas"]
[Result "1/2-1/2"]
[WhiteElo "2440"]
[BlackElo "2470"]
[EventDate "1995.03.12"]
[PlyCount "80"]

1.c4 e5 2.Nc3 Bb4 3.Nd5 Be7 4.d4 d6 5.e4 Nf6 6.Nxe7 Qxe7 7.f3 Nh5 8.Ne2 
O-O 9.g4 Qh4+ 10.Kd2 Nf6 11.Qe1 Qh6+ 12.Kd1 Qg6 13.Rg1 Nfd7 14.d5 c6 15.
Be3 cxd5 16.cxd5 Na6 17.Ng3 Ndc5 18.b4 Na4 19.Qd2 f6 20.Bb5 Nb6 21.Nf5 
Bxf5 22.gxf5 Qh5 23.Qg2 Rf7 24.Bxa6 bxa6 25.Bxb6 axb6 26.Rc1 Rd7 27.Rc6 
Qf7 28.Qc2 b5 29.Rg2 h6 30.Qc3 Kh7 31.Kc1 Qh5 32.Kb2 a5 33.bxa5 b4 34.Qxb4
Qxf3 35.Rgc2 Rda7 36.R6c3 Qf1 37.Rc1 Qe2+ 38.R1c2 Qf1 39.Rc1 Qe2+ 40.R1c2 
Qf1 1/2-1/2

[Event "zonal 1.7"]
[Site "Riga LAT"]
[Date "1995.03.??"]
[Round "7"]
[White "Kaunas, Kestutis"]
[Black "Kengis, Edvins"]
[Result "0-1"]
[WhiteElo "2415"]
[BlackElo "2575"]
[EventDate "1995.03.12"]
[PlyCount "54"]

1.d4 e6 2.c4 b6 3.e4 Bb7 4.Bd3 Nc6 5.Ne2 g6 6.h4 Bg7 7.Be3 h5 8.Nbc3 Nge7 
9.Qd2 d5 10.O-O-O Nb4 11.cxd5 Nxd3+ 12.Qxd3 exd5 13.f3 Qd7 14.Bg5 f6 15.
Bf4 dxe4 16.fxe4 f5 17.exf5 Nxf5 18.Qc4 O-O-O 19.Nb5 Bh6 20.Bxh6 Rxh6 21.
Rh3 Kb8 22.Nf4 g5 23.Qa4 a6 24.hxg5 axb5 25.Qb4 Rc6+ 26.Rc3 Nxd4 27.g6 
Ne2+ 0-1

[Event "zonal 1.7"]
[Site "Riga LAT"]
[Date "1995.03.??"]
[Round "7"]
[White "Rotsagov, Mihhail"]
[Black "Miezis, Normunds"]
[Result "0-1"]
[WhiteElo "2485"]
[BlackElo "2435"]
[EventDate "1995.03.12"]
[PlyCount "136"]

1.e4 c5 2.Nf3 e6 3.c3 d5 4.exd5 Qxd5 5.d4 Nf6 6.Be3 cxd4 7.cxd4 Nc6 8.Nc3 
Qd8 9.a3 Be7 10.Bd3 O-O 11.Qc2 Bd7 12.O-O Rc8 13.Rad1 Qc7 14.Rfe1 Rfd8 15.
d5 Na5 16.Ng5 Ng4 17.Bxh7+ Kf8 18.Nf3 Nc4 19.Bc1 Qb6 20.Re2 Bf6 21.dxe6 
Bxe6 22.Rxd8+ Qxd8 23.h3 Nge5 24.Nxe5 Nxe5 25.Be4 b5 26.Rd2 Qb6 27.Bf5 a5 
28.Bxe6 Qxe6 29.Qd1 Qc4 30.Ne2 a4 31.Rd5 Qc2 32.Qxc2 Rxc2 33.Kf1 Nc6 34.
Ke1 Bxb2 35.Bxb2 Rxb2 36.Nc3 b4 37.axb4 a3 38.b5 Nb4 39.Rd8+ Ke7 40.Ra8 a2
41.Nxa2 Nxa2 42.Ra7+ Kf6 43.Ra6+ Kg5 44.h4+ Kxh4 45.Ra7 Kg5 46.Rxf7 Kg6 
47.Rf8 Rxb5 48.g3 Nc3 49.Rf4 Nd5 50.Rd4 Kf5 51.Kf1 g5 52.Kg2 Nf6 53.Rd8 
Rb2 54.Rf8 Kg6 55.Kf3 g4+ 56.Ke3 Kf5 57.Rf7 Kg6 58.Rf8 Kg5 59.Rd8 Kf5 60.
Rf8 Ke6 61.Ra8 Nd5+ 62.Kd4 Rd2+ 63.Ke4 Re2+ 64.Kd4 Nf6 65.Ra6+ Kf5 66.Ra5+
Kg6 67.Ra3 Rxf2 68.Re3 Kg5 0-1

[Event "zonal 1.7"]
[Site "Riga LAT"]
[Date "1995.03.??"]
[Round "7"]
[White "Sokolovs, Andrejs"]
[Black "Sepp, Olav"]
[Result "1/2-1/2"]
[WhiteElo "2520"]
[BlackElo "2460"]
[EventDate "1995.03.12"]
[PlyCount "25"]

1.c4 g6 2.Nc3 Bg7 3.d4 Nf6 4.e4 d6 5.Bd3 O-O 6.Nge2 Nc6 7.O-O Ne8 8.Bc2 e5
9.d5 Ne7 10.f3 f5 11.exf5 Nxf5 12.Ne4 Nf6 13.Kh1 1/2-1/2

[Event "zonal 1.7"]
[Site "Riga LAT"]
[Date "1995.03.??"]
[Round "7"]
[White "Zapolskis, Antanas"]
[Black "Ehlvest, Jaan"]
[Result "0-1"]
[WhiteElo "2360"]
[BlackElo "2615"]
[EventDate "1995.03.12"]
[PlyCount "88"]

1.e4 c5 2.Nf3 d6 3.d4 cxd4 4.Nxd4 Nf6 5.Nc3 a6 6.Bc4 e6 7.Bb3 b5 8.O-O Bb7
9.Re1 Nbd7 10.Bg5 h6 11.Bh4 g5 12.Bg3 Ne5 13.Qe2 Be7 14.Rad1 Qa5 15.a3 Rc8
16.Nf3 Qc7 17.Nxe5 dxe5 18.Rd3 h5 19.h3 Nd7 20.Ba2 Nf8 21.Red1 Ng6 22.Qd2 
Rd8 23.Rxd8+ Bxd8 24.Qd3 Be7 25.Bb3 h4 26.Bh2 O-O 27.Qe2 Kg7 28.Rd3 Bc6 
29.g3 hxg3 30.Bxg3 Nf4 31.Bxf4 exf4 32.h4 gxh4 33.Qg4+ Kh6 34.Rf3 Bg5 35.
Kf1 Qe5 36.Rh3 f5 37.Rxh4+ Bxh4 38.Qxh4+ Kg6 39.Qe7 Qf6 40.exf5+ exf5 41.
Qc7 Rd8 42.Be6 Ba8 43.Bf7+ Kg5 44.Bb3 Bf3 0-1

[Event "zonal 1.7"]
[Site "Riga LAT"]
[Date "1995.03.??"]
[Round "8"]
[White "Kulaots, Kaido"]
[Black "Kengis, Edvins"]
[Result "0-1"]
[WhiteElo "2410"]
[BlackElo "2575"]
[EventDate "1995.03.12"]
[PlyCount "56"]

1.e4 Nf6 2.e5 Nd5 3.d4 d6 4.c4 Nb6 5.f4 dxe5 6.fxe5 Nc6 7.Be3 Bf5 8.Nc3 e6
9.Nf3 Bb4 10.a3 Bxc3+ 11.bxc3 O-O 12.c5 Nd5 13.Bd2 f6 14.exf6 Qxf6 15.Bb5 
e5 16.Bxc6 bxc6 17.dxe5 Qe7 18.Qa4 Qxc5 19.Qd4 Qxd4 20.cxd4 Bd3 21.Bb4 
Rfb8 22.Kd2 Bg6 23.Rhc1 a5 24.Bc3 Rb3 25.a4 c5 26.Ra2 c4 27.Ne1 Rf8 28.Nf3
Nf4 0-1

[Event "zonal 1.7"]
[Site "Riga LAT"]
[Date "1995.03.??"]
[Round "8"]
[White "Miezis, Normunds"]
[Black "Kaunas, Kestutis"]
[Result "0-1"]
[WhiteElo "2435"]
[BlackElo "2415"]
[EventDate "1995.03.12"]
[PlyCount "84"]

1.c4 c6 2.e4 d5 3.cxd5 cxd5 4.exd5 Nf6 5.Bb5+ Nbd7 6.Nc3 g6 7.d4 a6 8.
Bxd7+ Qxd7 9.Nf3 Nxd5 10.Ne5 Qe6 11.O-O Nxc3 12.bxc3 Bg7 13.Re1 O-O 14.a4 
a5 15.Ba3 Re8 16.Qd3 Bd7 17.Bc5 Rac8 18.f4 Qf5 19.Qd2 h5 20.c4 Be6 21.Rac1
Bh6 22.Nd3 b6 23.d5 Bxd5 24.Re5 Qf6 25.Rxd5 bxc5 26.Re1 Rcd8 27.Ne5 Rxd5 
28.Qxd5 Bxf4 29.Qd7 Rf8 30.Nf3 Bd6 31.Qb5 Qc3 32.Qa6 g5 33.Rf1 Qe3+ 34.Kh1
g4 35.Nh4 Qe5 36.g3 Qe4+ 37.Ng2 Rb8 38.Rc1 Qf3 39.Qxa5 Rb2 40.Rg1 h4 41.
Qd8+ Kg7 42.gxh4 Qh3 0-1

[Event "zonal 1.7"]
[Site "Riga LAT"]
[Date "1995.03.??"]
[Round "8"]
[White "Piesina, Gintautas"]
[Black "Rotsagov, Mihhail"]
[Result "1-0"]
[WhiteElo "2400"]
[BlackElo "2485"]
[EventDate "1995.03.12"]
[PlyCount "79"]

1.Nf3 Nf6 2.c4 c5 3.Nc3 d5 4.cxd5 Nxd5 5.g3 Nc6 6.Bg2 g6 7.O-O Bg7 8.Ng5 
e6 9.Nge4 b6 10.Qa4 Bd7 11.Nd6+ Ke7 12.Nde4 Nd4 13.Qd1 Bc6 14.d3 h6 15.e3 
Nf5 16.a3 Qd7 17.Qc2 Rhd8 18.Rd1 Kf8 19.Bd2 Rac8 20.Rab1 Qb7 21.Bf1 Nxc3 
22.Bxc3 Bxc3 23.bxc3 c4 24.Qb2 Qe7 25.Qc2 cxd3 26.Bxd3 Qxa3 27.Ra1 Qe7 28.
c4 Bxe4 29.Bxe4 Rxd1+ 30.Rxd1 Nd6 31.Qc3 Kg8 32.Qa3 Rc5 33.Bd3 Qc7 34.Qa4 
Kg7 35.Qa1+ e5 36.f4 Nxc4 37.Bxc4 Rxc4 38.fxe5 Rc3 39.e6 b5 40.e7 1-0

[Event "zonal 1.7"]
[Site "Riga LAT"]
[Date "1995.03.??"]
[Round "8"]
[White "Sepp, Olav"]
[Black "Fridmans, Daniels"]
[Result "0-1"]
[WhiteElo "2460"]
[BlackElo "2440"]
[EventDate "1995.03.12"]
[PlyCount "58"]

1.e4 d6 2.d4 Nf6 3.Nc3 g6 4.f4 Bg7 5.Nf3 O-O 6.a3 Nc6 7.Be3 e5 8.fxe5 dxe5
9.dxe5 Ng4 10.Bc5 Ncxe5 11.Qxd8 Rxd8 12.h3 Nxf3+ 13.gxf3 Ne5 14.f4 Nf3+ 
15.Kf2 Nd4 16.Rd1 Rd7 17.e5 Ne6 18.Be3 Rxd1 19.Nxd1 Bh6 20.f5 Bxe3+ 21.
Nxe3 Nd4 22.Bd3 gxf5 23.Kg3 Be6 24.Kf4 Rd8 25.Rd1 Kf8 26.c3 Bb3 27.Rd2 
Ne6+ 28.Kf3 Nc5 29.Ke2 f4 0-1

[Event "zonal 1.7"]
[Site "Riga LAT"]
[Date "1995.03.??"]
[Round "8"]
[White "Sulskis, Sarunas"]
[Black "Zapolskis, Antanas"]
[Result "1-0"]
[WhiteElo "2470"]
[BlackElo "2360"]
[EventDate "1995.03.12"]
[PlyCount "119"]

1.e4 c5 2.Nf3 e6 3.d4 cxd4 4.Nxd4 Qb6 5.Nb3 Qc7 6.Bd3 Nf6 7.Nc3 a6 8.a4 
Nc6 9.O-O d6 10.a5 Be7 11.Be3 O-O 12.Na4 Bd7 13.Nb6 Rad8 14.Nxd7 Rxd7 15.
f4 Re8 16.Qf3 e5 17.Bb6 Qc8 18.fxe5 dxe5 19.c3 Nd8 20.Kh1 Ne6 21.Bc2 Qc4 
22.Be3 Red8 23.Rf2 Qb5 24.Qe2 Qxe2 25.Rxe2 Ng4 26.Bb6 Nf4 27.Ree1 Rd2 28.
Nxd2 Rxd2 29.Bd1 h5 30.Bxg4 hxg4 31.g3 Ne6 32.b4 Rc2 33.Rac1 Rb2 34.Be3 
Bg5 35.Rcd1 Rc2 36.Rc1 Rb2 37.Rcd1 Rc2 38.Rd3 g6 39.Kg1 Bxe3+ 40.Rexe3 Ng5
41.Rd7 Nf3+ 42.Kf1 Nxh2+ 43.Ke1 Nf3+ 44.Kd1 Rg2 45.Rxb7 Rxg3 46.b5 axb5 
47.a6 Rg1+ 48.Kc2 Ra1 49.a7 Kg7 50.Kb2 Ra5 51.Rd3 g5 52.Rdd7 Kg6 53.Rxf7 
Nd2 54.Rg7+ Kh6 55.Rh7+ Kg6 56.Rbg7+ Kf6 57.Rd7 Kg6 58.Rh8 Nf3 59.Rd6+ Kg7
60.a8=Q 1-0

[Event "zonal 1.7"]
[Site "Riga LAT"]
[Date "1995.03.??"]
[Round "9"]
[White "Fridmans, Daniels"]
[Black "Rausis, Igors"]
[Result "1/2-1/2"]
[WhiteElo "2440"]
[BlackElo "2495"]
[EventDate "1995.03.12"]
[PlyCount "126"]

1.Nf3 c5 2.c4 g6 3.d4 cxd4 4.Nxd4 Bg7 5.Nc3 Nc6 6.Nc2 Bxc3+ 7.bxc3 Qa5 8.
Bd2 Nf6 9.f3 d6 10.e4 Be6 11.Ne3 Rc8 12.Nd5 Nd7 13.Rb1 Nce5 14.Rxb7 Nxc4 
15.Bxc4 Rxc4 16.Qb3 Bxd5 17.exd5 Rc8 18.c4 Qd8 19.Qa4 Rc7 20.Ba5 Rxb7 21.
Bxd8 Kxd8 22.Kf2 Kc8 23.Re1 Nc5 24.Qa3 Kb8 25.Kg3 Ka8 26.Qc3 f6 27.Re2 g5 
28.Qc2 a6 29.Qf5 h5 30.h4 gxh4+ 31.Kxh4 Rhb8 32.Re3 Rc7 33.Qxh5 Rbb7 34.g4
Ka7 35.Kg3 Na4 36.Rb3 Nb6 37.Rb4 a5 38.Rb5 Ka6 39.Qe8 Rxc4 40.Rb2 Rc5 41.
Rd2 Ka7 42.Qf7 Nc4 43.Rf2 Ne3 44.Qe6 Nxd5 45.Rh2 Nb6 46.Rh5 d5 47.Rh8 Rcc7
48.Rd8 a4 49.Qe1 Ka6 50.f4 Rd7 51.Qe2+ Ka7 52.Rxd7 Rxd7 53.Qe6 d4 54.Kf2 
Ka6 55.g5 fxg5 56.fxg5 d3 57.Ke1 Rd6 58.Qe4 d2+ 59.Kd1 Kb5 60.Qxe7 Nc4 61.
Qxd6 Nxd6 62.g6 Nf5 63.Kxd2 Kc4 1/2-1/2

[Event "zonal 1.7"]
[Site "Riga LAT"]
[Date "1995.03.??"]
[Round "9"]
[White "Kaunas, Kestutis"]
[Black "Piesina, Gintautas"]
[Result "1-0"]
[WhiteElo "2415"]
[BlackElo "2400"]
[EventDate "1995.03.12"]
[PlyCount "89"]

1.d4 Nf6 2.c4 e6 3.Nf3 c5 4.d5 exd5 5.cxd5 d6 6.Nc3 g6 7.Bf4 a6 8.e4 Bg7 
9.Qa4+ Bd7 10.Qb3 Bg4 11.Qxb7 Bxf3 12.gxf3 Nh5 13.Bg3 Nxg3 14.hxg3 Nd7 15.
Qb3 Rb8 16.Qc2 Qf6 17.Bxa6 Qxf3 18.O-O Bd4 19.Ne2 Be5 20.Rab1 Nf6 21.Nc3 
Qh5 22.Kg2 g5 23.Nd1 g4 24.Rh1 Qg6 25.Ne3 O-O 26.Nf5 Kh8 27.b3 Rfe8 28.a4 
Bd4 29.Bd3 Re5 30.a5 Rxf5 31.exf5 Qg8 32.Bc4 Nd7 33.Rh6 Bg7 34.Rxd6 Qe8 
35.Rh1 Nf6 36.a6 Qe5 37.Rc6 Ne4 38.f6 Bxf6 39.a7 Ra8 40.Rc7 Qxc7 41.Qxe4 
Kg8 42.d6 Qd8 43.Rxh7 Kf8 44.Rxf7+ Kg8 45.Qh7# 1-0

[Event "zonal 1.7"]
[Site "Riga LAT"]
[Date "1995.03.??"]
[Round "9"]
[White "Kengis, Edvins"]
[Black "Miezis, Normunds"]
[Result "1/2-1/2"]
[WhiteElo "2575"]
[BlackElo "2435"]
[EventDate "1995.03.12"]
[PlyCount "54"]

1.e4 c5 2.Nf3 e6 3.c3 d5 4.exd5 exd5 5.d4 Nc6 6.Be2 Bd6 7.O-O Nf6 8.dxc5 
Bxc5 9.Bg5 Be6 10.Nbd2 O-O 11.Nb3 Bb6 12.Nbd4 Bg4 13.h3 Nxd4 14.Nxd4 Bxe2 
15.Nxe2 h6 16.Bh4 Re8 17.Qd3 Qe7 18.Nd4 Qe4 19.Qxe4 Nxe4 20.Rad1 g5 21.Bg3
Nxg3 22.fxg3 Re4 23.Rf5 Rd8 24.Kf1 Bxd4 25.Rxd4 Rxd4 26.cxd4 Kg7 27.Ke2 f6
1/2-1/2

[Event "zonal 1.7"]
[Site "Riga LAT"]
[Date "1995.03.??"]
[Round "9"]
[White "Sokolovs, Andrejs"]
[Black "Kulaots, Kaido"]
[Result "1/2-1/2"]
[WhiteElo "2520"]
[BlackElo "2410"]
[EventDate "1995.03.12"]
[PlyCount "39"]

1.e4 d5 2.exd5 Nf6 3.c4 c6 4.Nc3 cxd5 5.d4 Nc6 6.Bg5 e6 7.Nf3 Be7 8.Be2 
O-O 9.O-O Ne4 10.Bxe7 Nxe7 11.Qc2 Nxc3 12.bxc3 b6 13.Bd3 h6 14.Ne5 Bb7 15.
cxd5 Nxd5 16.Qd2 Qh4 17.g3 Qe7 18.Rac1 Rac8 19.Rfe1 Nf6 20.Bb1 1/2-1/2

[Event "zonal 1.7"]
[Site "Riga LAT"]
[Date "1995.03.??"]
[Round "9"]
[White "Zapolskis, Antanas"]
[Black "Sepp, Olav"]
[Result "0-1"]
[WhiteElo "2360"]
[BlackElo "2460"]
[EventDate "1995.03.12"]
[PlyCount "126"]

1.e4 e5 2.Nf3 Nc6 3.Bb5 d6 4.Bxc6+ bxc6 5.d4 f6 6.O-O Ne7 7.dxe5 fxe5 8.
Qd3 Ng6 9.Nc3 Be7 10.Qc4 Bd7 11.Ne1 Bf6 12.Nd3 Qe7 13.Nb4 Qf7 14.Qxf7+ 
Kxf7 15.a4 a5 16.Nd3 Rhb8 17.g3 Bh3 18.Re1 c5 19.b3 Ne7 20.Bb2 g5 21.f3 
Bd7 22.Rad1 Bc6 23.Bc1 Ng6 24.Nb2 Nf8 25.Nd5 Ne6 26.Be3 Bd8 27.Nc4 Nd4 28.
Bxd4 cxd4 29.f4 gxf4 30.gxf4 Ke6 31.fxe5 dxe5 32.Rf1 Rb4 33.Nxb4 axb4 34.
Rf8 Bh4 35.Rxa8 Bxa8 36.Rd2 Bxe4 37.Re2 Kd5 38.a5 Be7 39.Nb2 Bf3 40.Re1 e4
41.Ra1 d3 42.cxd3 e3 43.a6 Kd4 44.a7 Bh4 45.Rf1 e2 46.Rxf3 e1=Q+ 47.Rf1 
Qe3+ 48.Kh1 Qe8 49.Rf4+ Kc3 50.Na4+ Kxb3 51.Nc5+ Ka3 52.Rxh4 Qa8+ 53.Kg1 
Qxa7 54.d4 Ka2 55.Rh3 c6 56.Kf2 Qf7+ 57.Rf3 Qd5 58.Rd3 Qf5+ 59.Ke1 Qf4 60.
h3 Kb2 61.Rb3+ Kc2 62.Rb2+ Kxb2 63.Nd3+ Kc2 0-1

[Event "zonal 1.7"]
[Site "Riga LAT"]
[Date "1995.03.??"]
[Round "10"]
[White "Ehlvest, Jaan"]
[Black "Kaunas, Kestutis"]
[Result "1-0"]
[WhiteElo "2615"]
[BlackElo "2415"]
[EventDate "1995.03.12"]
[PlyCount "113"]

1.d4 Nf6 2.c4 e6 3.Nc3 Bb4 4.Nf3 c5 5.g3 b5 6.cxb5 a6 7.bxa6 Ne4 8.Bd2 
Bxc3 9.Bxc3 d5 10.Bg2 O-O 11.Rc1 Nxc3 12.Rxc3 cxd4 13.Nxd4 Rxa6 14.a3 e5 
15.Nf3 d4 16.Rc1 Nc6 17.Nd2 Ne7 18.O-O Be6 19.Ne4 Bd5 20.Nc5 Bxg2 21.Kxg2 
Rh6 22.Qd3 Nd5 23.Qf5 Qa8 24.Qf3 Re8 25.Rfd1 f5 26.e4 fxe4 27.Qxe4 Kh8 28.
Kg1 Qd8 29.Re1 Nf6 30.Qf3 Rg6 31.b4 h6 32.b5 Qa5 33.a4 Rg4 34.Nd7 e4 35.
Qd1 Nxd7 36.Qxg4 Nf6 37.Qd1 d3 38.Rf1 Ra8 39.Rc4 Re8 40.Qb3 Qb6 41.Rc6 Qd4
42.Qc3 Qd7 43.Rc7 Qg4 44.Qd4 Nh5 45.Qd7 Re6 46.f3 Qg6 47.Rc8+ Kh7 48.Qd8 
Qf7 49.fxe4 Qa7+ 50.Kg2 Nf6 51.Qxd3 Qb7 52.Rc4 Ng4 53.Rd4 h5 54.Rd7 Qa8 
55.Rd5 Kg6 56.h3 Ne5 57.Rxe5 1-0

[Event "zonal 1.7"]
[Site "Riga LAT"]
[Date "1995.03.??"]
[Round "10"]
[White "Kulaots, Kaido"]
[Black "Miezis, Normunds"]
[Result "1/2-1/2"]
[WhiteElo "2410"]
[BlackElo "2435"]
[EventDate "1995.03.12"]
[PlyCount "103"]

1.e4 c5 2.Nf3 e6 3.d4 cxd4 4.Nxd4 a6 5.Nc3 Qc7 6.Bd3 Nc6 7.Be3 Nf6 8.O-O 
h5 9.h3 Nxd4 10.Bxd4 Bc5 11.Be2 Qd6 12.Bxc5 Qxc5 13.Qd3 b5 14.Qg3 Bb7 15.
e5 h4 16.Qf4 Nh5 17.Bxh5 Rxh5 18.Ne4 Bxe4 19.Qxe4 Rc8 20.Rad1 Qxe5 21.Qb7 
Rc7 22.Qa8+ Ke7 23.c3 Qc5 24.Rd4 g6 25.Rfd1 Qc6 26.Qxc6 dxc6 27.c4 c5 28.
Rd6 bxc4 29.Rxa6 Rd5 30.Rc1 Rb7 31.Rc2 Rd1+ 32.Kh2 Rb1 33.Rxc4 R1xb2 34.f3
Rc7 35.Rxh4 c4 36.Ra4 c3 37.Rhc4 Rbb7 38.Rab4 Ra7 39.Ra4 Kf8 40.Rxc3 Rxa4 
41.Rxc7 Rxa2 42.Kg3 e5 43.Rc5 Re2 44.Rc4 Kg7 45.Re4 Rxe4 46.fxe4 f5 47.
exf5 gxf5 48.Kf3 Kf6 49.g4 fxg4+ 50.hxg4 Kg5 51.Ke4 Kxg4 52.Kxe5 1/2-1/2

[Event "zonal 1.7"]
[Site "Riga LAT"]
[Date "1995.03.??"]
[Round "10"]
[White "Piesina, Gintautas"]
[Black "Kengis, Edvins"]
[Result "1/2-1/2"]
[WhiteElo "2400"]
[BlackElo "2575"]
[EventDate "1995.03.12"]
[PlyCount "74"]

1.c4 b6 2.Nc3 Bb7 3.Nf3 e6 4.g3 Bxf3 5.exf3 c5 6.d4 cxd4 7.Qxd4 Nc6 8.Qd2 
Rc8 9.b3 Nf6 10.Bb2 Bb4 11.a3 Be7 12.Be2 Na5 13.Qd1 O-O 14.Nb5 a6 15.Nd4 
d5 16.cxd5 Qxd5 17.Bxa6 Rcd8 18.b4 Bc5 19.bxc5 bxc5 20.Nc2 Qb3 21.Qc1 Qb6 
22.Bxf6 gxf6 23.O-O Qxa6 24.Qf4 Qd3 25.Ne3 Qd4 26.Qc7 Nb3 27.Rad1 Qe5 28.
Qxe5 fxe5 29.Kg2 f6 30.Rxd8 Rxd8 31.Rb1 Rd3 32.a4 Kg7 33.Nc4 Rc3 34.Nd6 c4
35.Rb2 Rc1 36.Nxc4 Rxc4 37.Rxb3 Rxa4 1/2-1/2

[Event "zonal 1.7"]
[Site "Riga LAT"]
[Date "1995.03.??"]
[Round "10"]
[White "Rausis, Igors"]
[Black "Zapolskis, Antanas"]
[Result "0-1"]
[WhiteElo "2495"]
[BlackElo "2360"]
[EventDate "1995.03.12"]
[PlyCount "116"]

1.e4 e5 2.Nf3 Nc6 3.Nc3 d6 4.d4 Bg4 5.Bb5 exd4 6.Qxd4 Bxf3 7.gxf3 Ne7 8.
Bg5 a6 9.Bxc6+ Nxc6 10.Qe3 f6 11.Bh4 Qd7 12.O-O-O Qh3 13.Bg3 h5 14.Nd5 
O-O-O 15.Nf4 Qd7 16.h4 Qf7 17.Kb1 g6 18.Nd5 Bh6 19.Bf4 Bxf4 20.Qxf4 Rdf8 
21.Rhg1 Rhg8 22.Rg2 f5 23.Qg3 fxe4 24.fxe4 Qf3 25.Qxf3 Rxf3 26.Rd3 Rf7 27.
b3 Ne5 28.Rdg3 c6 29.Nb6+ Kc7 30.Nc4 Nxc4 31.bxc4 Rf4 32.f3 Rxh4 33.Rxg6 
Rf8 34.R6g3 Rhf4 35.Rh2 h4 36.Rg5 Kb6 37.Kb2 Rxf3 38.Rxh4 Re3 39.Rg7 Rf2 
40.Rhh7 Ree2 41.Rxb7+ Kc5 42.Rh5+ Kxc4 43.Ka3 c5 44.Rb2 Rxe4 45.Rh1 d5 46.
Rc1 Ree2 47.Ka4 Rf3 48.Rb3 Rc3 49.Rb2 d4 50.a3 Kd5 51.Ra2 Ke4 52.Ka5 Ke3 
53.Kxa6 d3 54.a4 Rcxc2 55.Raxc2 Rxc2 56.Ra1 d2 57.a5 Rc1 58.Ra3+ Kd4 0-1

[Event "zonal 1.7"]
[Site "Riga LAT"]
[Date "1995.03.??"]
[Round "10"]
[White "Sokolovs, Andrejs"]
[Black "Fridmans, Daniels"]
[Result "0-1"]
[WhiteElo "2520"]
[BlackElo "2440"]
[EventDate "1995.03.12"]
[PlyCount "86"]

1.e4 d6 2.d4 Nf6 3.Bd3 e5 4.c3 d5 5.dxe5 Nxe4 6.Nf3 Nc6 7.Qe2 Nc5 8.Bc2 
Bg4 9.O-O Be7 10.Rd1 a5 11.Nbd2 Qd7 12.Nb3 a4 13.Nxc5 Bxc5 14.h3 Bh5 15.
Bf4 Nd8 16.c4 d4 17.Bh2 O-O 18.Be4 Bg6 19.Ne1 Bxe4 20.Qxe4 Qc6 21.Qxc6 
Nxc6 22.Nd3 Be7 23.Rac1 Rfd8 24.Kf1 Nb4 25.Nxb4 Bxb4 26.Ke2 a3 27.b3 d3+ 
28.Kf3 d2 29.Rc2 Rd3+ 30.Ke2 Rd4 31.f3 Re8 32.Ke3 c5 33.Ke2 f6 34.Bg3 b6 
35.Bh2 h5 36.Kf1 h4 37.Ke2 Kf7 38.Kf1 Kg8 39.Ke2 Kf7 40.Kf1 g5 41.Ke2 Kg6 
42.Kf1 f5 43.Bg1 Rxe5 0-1

[Event "zonal 1.7"]
[Site "Riga LAT"]
[Date "1995.03.??"]
[Round "10"]
[White "Sulskis, Sarunas"]
[Black "Rotsagov, Mihhail"]
[Result "1-0"]
[WhiteElo "2470"]
[BlackElo "2485"]
[EventDate "1995.03.12"]
[PlyCount "83"]

1.e4 c5 2.Nf3 d6 3.d4 cxd4 4.Nxd4 Nf6 5.Nc3 a6 6.f4 e5 7.Nf3 Nbd7 8.a4 Be7
9.Bd3 O-O 10.O-O exf4 11.Kh1 Nc5 12.Bxf4 Bg4 13.Qe1 Re8 14.Qg3 Qd7 15.Be3 
Rac8 16.Nd4 Bd8 17.h3 Be6 18.Bh6 g6 19.Qf3 Nxd3 20.cxd3 Rc5 21.Nxe6 fxe6 
22.Be3 Rc8 23.d4 Nh5 24.g4 Ng7 25.Bh6 Bb6 26.Qd3 Rf8 27.Kg2 Rxf1 28.Rxf1 
Rf8 29.Rxf8+ Kxf8 30.Ne2 Kg8 31.Nf4 Qf7 32.Qc4 Ne8 33.Ne2 d5 34.Qb3 Ba7 
35.exd5 exd5 36.Bf4 Nf6 37.Be5 Nd7 38.Bg3 Nf6 39.Qc3 Qe6 40.Be5 Ne4 41.Qc7
Qf7 42.Qd8+ 1-0